Problemas actuales de la Apologética / (Record no. 88389)

MARC details
000 -LEADER
campo de control de longitud fija 00528nam a2200169 i 4500
001 - NÚMERO DE CONTROL
campo de control 88389
003 - IDENTIFICADOR DE NÚMERO DE CONTROL
campo de control ES-MaACL
005 - FECHA Y HORA DE LA ÚLTIMA TRANSACCIÓN
campo de control 20230906175842.0
007 - CAMPO FIJO DE DESCRIPCIÓN FÍSICA--INFORMACIÓN GENERAL
campo de control de longitud fija t|
008 - DATOS DE LONGITUD FIJA--INFORMACIÓN GENERAL
campo de control de longitud fija 050104s1958 sp ||||1| spa d
100 1# - ENTRADA PRINCIPAL--NOMBRE DE PERSONA
Nombre de persona Lais, Hermann.
9 (RLIN) 69703
245 10 - MENCIÓN DEL TÍTULO
Título Problemas actuales de la Apologética /
Mención de responsabilidad, etc. Hermann Lais ; [versión española por Eduardo Valentí].
260 ## - PUBLICACIÓN, DISTRIBUCIÓN, ETC.
Lugar de publicación, distribución, etc. Barcelona :
Nombre del editor, distribuidor, etc. Herder,
Fecha de publicación, distribución, etc. 1958 (
Fabricante Grafesa)
300 ## - DESCRIPCIÓN FÍSICA
Extensión 277 p. ;
Dimensiones 20 cm.
700 1# - ENTRADA AGREGADA--NOMBRE PERSONAL
Nombre de persona Valentí Fiol, Eduardo.
9 (RLIN) 112600
852 ## - LOCALIZACIÓN
Ubicación ES-MaACL
Número de control de estantería C-15517
Sublocalización o colección R.43535
Holdings
Estatus retirado Estado de pérdida Estado de daño No para préstamo Biblioteca de origen Biblioteca actual Ubicación en estantería Fecha de adquisición Fuente de adquisición Total de préstamos Signatura topográfica completa Código de barras Visto por última vez Precio de reemplazo Tipo de ítem Koha
        Biblioteca del Ateneo de Madrid Biblioteca del Ateneo de Madrid Ficheros 17/01/2008     C-15517 1092332 23/02/2023 23/02/2023 Libro impreso